| 000 | 01327cam a2200133 4500500 | ||
|---|---|---|---|
| 005 | 20251214002704.0 | ||
| 041 | _afre | ||
| 042 | _adc | ||
| 100 | 1 | 0 |
_aSarfati, Georges-Elia _eauthor |
| 245 | 0 | 0 | _aÉléments d'analyse du discours |
| 260 |
_bArmand Colin,
_c2019. |
||
| 520 | _aDepuis la fin des années 1960, s’est constituée, dans le champ des sciences du langage, une discipline spécifique prenant pour objet le « discours ». Cet ouvrage définit la notion, en opposition avec celle de langue, de parole, de texte, etc. Il familiarise le lecteur avec les principaux outils de l’analyse du discours en présentant le fonds théorique et méthodologique commun au domaine. Après avoir situé l’analyse du discours par rapport à la tradition linguistique issue de Saussure, l’auteur développe les principaux concepts descriptifs et les différents niveaux d’organisation du discours. Il montre comment l’analyse intègre les données de la théorie de l’énonciation. Enfin, la problématique de l’analyse du discours est mise en perspective par rapport aux enjeux épistémologiques et philosophiques qui traversent l’évolution de la discipline depuis ses origines. | ||
| 856 | 4 | 1 | _uhttps://shs.cairn.info/elements-d-analyse-du-discours--9782200624514?lang=fr&redirect-ssocas=7080 |
| 999 |
_c1567321 _d1567321 |
||